Normal view
MARC view
Entry Personal Name
001 - CONTROL NUMBER
- control field: 23710
003 - CONTROL NUMBER IDENTIFIER
- control field: OSt
005 - DATE AND TIME OF LATEST TRANSACTION
- control field: 20230524201350.0
008 - FIXED-LENGTH DATA ELEMENTS
- fixed length control field: 230524|| aca||aabn | a|a d
040 ## - CATALOGING SOURCE
- Original cataloging agency: OSt
- Transcribing agency: OSt
100 ## - HEADING--PERSONAL NAME
- Personal name: "Susan R.Wessler,Richard C.Lewontin,W.Gelbart , etal.,"
670 ## - SOURCE DATA FOUND
- Source citation: Work cat.: (OSt)35251: Anthony J.F.Griffiths 23709, Introduction to Genetic Analysis, 2005
